| 000 | 01194nam a2200325 i 4500 | ||
|---|---|---|---|
| 003 | EG-GICUC | ||
| 005 | 20260121101333.0 | ||
| 008 | 251123s1970 ua ||||fr|||| 001 0 ara d | ||
| 017 | _a1970/2301 | ||
| 040 |
_a EG-GICUC _bara _c EG-GICUC _d EG-GICUC _erda |
||
| 041 | _aara | ||
| 082 | 0 | 4 |
_a343.4 _bك م . م _221 |
| 092 | 0 | 4 | _221 |
| 099 | _aLaw1 10 343.4 ك م . م 1970 1006913 | ||
| 100 | 0 |
_aكمال المتيني. _eمجمع. |
|
| 245 | 1 | 2 |
_aموسوعة التشريعات الجنائية الخاصة / _cجمع وتنسيق كمال المتيني، عادل فودة. |
| 264 | 1 |
_aالقاهرة : _bدار النهضة العربية، _c1970. |
|
| 300 |
_a986 صفحة ؛ _c24 سم. |
||
| 336 |
_2rda content _atext |
||
| 337 |
_2rda media _aComputer |
||
| 338 |
_2rda carrier _aOnline Resource |
||
| 504 | _aيشتمل على ارجاعات ببليوجرافية. | ||
| 546 | _aالنص باللغة العربية | ||
| 650 | 1 |
_aالتشريعات الجنائية الخاصة. _2qrmak |
|
| 651 | 1 | _2qrmak | |
| 700 |
_aعادل فودة. _eمجمع. |
||
| 856 | 4 | 0 | _uhttps://fll.law.cu.edu.eg/fulltext/bks/B10-06913.pdf |
| 905 | _a18 | ||
| 942 |
_2ddc _n0 _cBK _e21 |
||
| 999 |
_c45420 _d45420 |
||